| 000 | 01313nam0a22002891 4500 | ||
|---|---|---|---|
| 001 | rc\684527 | ||
| 005 | 20031121170038.8 | ||
| 035 | _a(NLR Aleph) 005921631 | ||
| 090 |
_a6483388 _c6483388 |
||
| 100 | _a20031121d1985 u |0rusy50 ca | ||
| 101 | 0 | _arus | |
| 102 | _aRU | ||
| 105 | _aa ||||||||| | ||
| 200 | 1 |
_aСовременное состояние техники и технологии бурения геологоразведочных скважин на уголь в СССР _fО.В. Баранов, Ю.И. Гайдуков, П.К. Мазаев |
|
| 210 |
_aМ. _cВИЭМС _d1985 |
||
| 215 |
_a35 с. _cил. _d20 |
||
| 225 | 1 |
_aТехника и технология геолого-разведочных работ, организация производства _eОбзор. информ. _fВНИИ экономики минер. сырья и геол.-развед. работ |
|
| 300 | _aНа обл. авт. не указаны | ||
| 320 | _aБиблиогр.: с. 33-34 (14 назв.) | ||
| 700 | 1 |
_aБаранов _bО. В. _f1937- _gОлег Васильевич |
|
| 701 | 1 |
_aГайдуков _bЮ. И. _gЮрий Иванович |
|
| 701 | 1 |
_aМазаев _bП. К. |
|
| 801 | 0 |
_aRU _bNLR _gpsbo |
|
| 801 | 1 |
_aRU _bELAR _2rusmarc |
|
| 852 |
_aNLR _j86-4/5470 |
||
| 942 | _cBOOK | ||
| 980 | _aNB | ||